Central Library and Information Centre
Sibsagar Girls' College, Sivasagar : Assam

ASOMIYA LOKA NATYA PAROMPARA (Record no. 13744)

MARC details
000 -LEADER
fixed length control field 00406cam a2200169ua 4500
008 - FIXED-LENGTH DATA ELEMENTS--GENERAL INFORMATION
fixed length control field 121001n1992 II |||gr||||Z||||||asm
040 ## - CATALOGING SOURCE
Original cataloging agency MAIN
041 ## - LANGUAGE CODE
-- English
082 ## - DEWEY DECIMAL CLASSIFICATION NUMBER
Classification number 891.49209 BHA
100 ## - MAIN ENTRY--PERSONAL NAME
Personal name BHARALI, SAILEN.
245 ## - TITLE STATEMENT
Title ASOMIYA LOKA NATYA PAROMPARA
260 ## - PUBLICATION, DISTRIBUTION, ETC.
Place of publication, distribution, etc. GUWAHATI
Name of publisher, distributor, etc. BANI PRAKASH
Date of publication, distribution, etc. 1992
300 ## - PHYSICAL DESCRIPTION
Extent 67:
Dimensions 10CM.
942 ## - ADDED ENTRY ELEMENTS (KOHA)
Koha item type Books
653 ## - INDEX TERM--UNCONTROLLED
Uncontrolled term Asomiya Natya Sahitya
Holdings
Withdrawn status Lost status Damaged status Not for loan Collection code Home library Current library Shelving location Date acquired Full call number Barcode Date last seen Copy number Price effective from Koha item type
        REFASM Central Library and Information Centre Sibsagar Girls College Central Library and Information Centre Sibsagar Girls College Biography 23.07.2003 891.49209 BHA 18884 27.02.2020 1 27.02.2020 Books


Sibsagar Girl's College © 2020. All rights reserved.
Powered by Koha.
Maintained by Abhijit Borpuzari.